Obecná a magmatická petrologie

Guardado en:
Detalles Bibliográficos
Autor principal: Holub, František V.
Formato: Libro
Lenguaje:checo
Publicado: Praha Univerzita Karlova 2002
Materias:
Acceso en línea:Ver en el OPAC
Etiquetas: Agregar Etiqueta
Sin Etiquetas, Sea el primero en etiquetar este registro!

MARC

LEADER 00000nam a2200000 a 4500
005 20260127133930.0
008 060606 2002 xr 000 0 cze d
020 |a 8024606143 
035 |a vtls008770426 
039 9 |y 200606061212  |z mschk03 
040 |a STUSCHK1  |b slo  |c STUSCHK1  |e AACR2 
080 |a 552.1(075.8) 
100 1 |a Holub, František V. 
245 1 |a Obecná a magmatická petrologie 
260 |a Praha  |b Univerzita Karlova  |c 2002 
300 |a 214 s. 
650 0 |a obecná petrologie 
650 0 |a magmatická petrologie 
910 |a SCHK95 
919 |a 80-246-0614-3 
999 |c 327  |d 327